[Event "Parco del Taro op 1st"]
[Site "Collecchio"]
[Date "2004.03.12"]
[Round "1"]
[White "Pipitone, Antonio"]
[Black "Potenza, Gaetano"]
[Result "1/2-1/2"]
[WhiteElo "2034"]
[BlackElo "1528"]
[PlyCount "52"]
[EventDate "2004.03.12"]
[EventType "swiss"]
[EventRounds "5"]
[EventCountry "ITA"]
[SourceTitle "EXT 2007"]
[Source "ChessBase"]
[SourceDate "2006.11.23"]
[SourceVersion "1"]
[SourceVersionDate "2006.11.23"]
[SourceQuality "1"]

1. e4 c5 2. Nf3 d6 3. d4 cxd4 4. Nxd4 Nc6 5. Be3 Nf6 6. Nc3 g6 7. Be2 Bg7 8. 0-0 0-0 9. h3 Bd7 10. Qd2 Rc8 11. f4 Na5 12. Rad1 Nc4 13. Bxc4 Rxc4 14. Qd3 Qc8 15. f5 a6 16. Rf3 b5 17. a3 Qb7 18. Bg5 Nxe4 19. Qxe4 Qxe4 20. Nxe4 Bxd4+ 21. Nf2 f6 22. b3 Bxf2+ 23. Rxf2 Rc5 24. Bh6 Bxf5 25. Rxf5 gxf5 26. Bxf8 Kxf8 1/2-1/2